[Event "AUTO-ADV-713"]
[Site "http://www.queenalice.com/game.php?id=406668"]
[Date "2008.5.22"]
[Round "2"]
[White "soares54"]
[Black "guzanito"]
[Result "0-1"]
[WhiteElo "2040"]
[BlackElo "2201"]

1. d4 d5 2. c4 c6 3. Nf3 Nf6 4. Nc3 Bf5 5. e3 e6 6. Be2 Bd6 7. O-O Nbd7 8. c5
Bb8 9. Nh4 Qc7 10. g3 Bh3 11. Ng2 e5 12. Re1 O-O 13. b4 Re8 14. dxe5 Nxe5 15.
Nf4 Bg4 16. f3 Bf5 17. Kf2 Ng6 18. Nxg6 Bxg6 19. Bd3 d4 20. Bxg6 dxc3 21. Bd3 a5
22. b5 cxb5 23. Bxb5 Rd8 24. Qb3 Qxc5 25. a4 Ba7 26. Bc4 Rd7 27. Qb5 Qd6 28. Kg2
Rc8 29. e4 Qb4 30. Bf1 Qxb5 31. Bxb5 Rdd8 32. Kf1 h6 33. Be2 Bc5 34. Bd1 Bb4 35.
Bc2 Rd2 36. Re2 Kf8 37. Ke1 Rdd8 38. Be3 Nd7 39. Rd1 Ne5 40. Rf2 Nc4 41. Bc1
Rxd1+ 42. Kxd1 Rd8+ 43. Ke1 Na3 44. Bb3 c2+ 45. Ke2 Rc8 46. Kf1 Rc3 47. Bd5 b5
48. e5 Rd3 49. Bxa3 Bxa3 50. Rxc2 Rxd5 51. axb5 Rxb5 52. Ra2 Bb4 53. f4 Ke7 54.
Ke2 Rc5 55. Kd3 Ke6 56. g4 Kd5 0-1

[Event "AUTO-ADV-713"]
[Site "http://www.queenalice.com/game.php?id=406669"]
[Date "2008.5.22"]
[Round "2"]
[White "guzanito"]
[Black "soares54"]
[Result "1-0"]
[WhiteElo "2145"]
[BlackElo "2011"]

1. e4 c5 2. Nf3 d6 3. d4 cxd4 4. Nxd4 Nf6 5. Nc3 a6 6. Bd3 Nc6 7. O-O Nxd4 8.
Be3 Nc6 9. f4 Ng4 10. Qf3 Nxe3 11. Qxe3 e6 12. Qg3 Qb6+ 13. Kh1 Qxb2 14. Bc4 Qa3
15. Rab1 Qa5 16. f5 Qe5 17. fxe6 1-0

[Event "AUTO-ADV-729"]
[Site "http://www.queenalice.com/game.php?id=409098"]
[Date "2008.5.27"]
[Round "2"]
[White "soares54"]
[Black "Artking"]
[Result "1-0"]
[WhiteElo "2004"]
[BlackElo "1859"]

1. c4 Nf6 2. Nc3 g6 3. g3 Bg7 4. Bg2 c6 5. d4 O-O 6. Bg5 d6 7. Qd2 Nbd7 8. e4 e5
9. Nf3 Qe8 10. h3 a6 11. O-O Nh5 12. g4 Nf4 13. Bxf4 exf4 14. Qxf4 c5 15. Qd2
cxd4 16. Nxd4 Ne5 17. b3 Qe7 18. f4 Nc6 19. Nxc6 bxc6 20. Rad1 Bb7 21. Ne2 Rad8
22. Qc2 c5 23. Nc3 Bd4+ 24. Kh2 Bg7 25. Nd5 Bxd5 26. Rxd5 Bd4 27. a3 Qh4 28. Qd3
g5 29. Rxg5+ Kh8 30. Rh5 Qf6 31. e5 dxe5 32. Qxh7# 1-0

[Event "AUTO-ADV-729"]
[Site "http://www.queenalice.com/game.php?id=409099"]
[Date "2008.5.27"]
[Round "2"]
[White "Artking"]
[Black "soares54"]
[Result "0-1"]
[WhiteElo "1826"]
[BlackElo "1984"]

1. d4 Nf6 2. c4 g6 3. Nc3 Bg7 4. e3 d6 5. Nf3 Nbd7 6. Bd3 O-O 7. O-O c5 8. d5 a6
9. a4 b6 10. Ng5 Ne5 11. Be2 h6 12. Nge4 Nxe4 13. Nxe4 f5 14. Ng3 Nf7 15. f3 Ne5
16. Qc2 Bd7 17. Bd2 Rb8 18. Bc3 Qe8 19. Rad1 Bxa4 20. Qxa4 Qxa4 0-1

[Event "AUTO-ADV-729"]
[Site "http://www.queenalice.com/game.php?id=409100"]
[Date "2008.5.27"]
[Round "2"]
[White "soares54"]
[Black "Lucioamorim"]
[Result "1-0"]
[WhiteElo "2025"]
[BlackElo "1999"]

1. c4 e5 2. Nc3 Nf6 3. d3 c6 4. Nf3 d6 5. g3 Be7 6. Bg2 O-O 7. Bd2 h6 8. O-O
Nbd7 9. Nh4 Nc5 10. b4 Ne6 11. Nf5 Nd4 12. Nxe7+ Qxe7 13. e3 Bd7 14. exd4 exd4
15. Ne4 Nxe4 16. Bxe4 f5 17. Bg2 Qf6 18. Qb3 g5 19. f4 Rae8 20. Rae1 g4 21. Qd1
h5 22. Rxe8 Bxe8 23. Re1 h4 24. Qe2 hxg3 25. hxg3 Bf7 26. a4 Re8 27. Qd1 Kg7 28.
Kf2 Rh8 29. Qe2 Re8 30. Qd1 Rh8 31. Rh1 Re8 32. Qg1 Qe6 33. Qd1 Qd7 34. Qa1 c5
35. a5 Be6 36. Qb2 Bf7 37. Qa1 Re6 38. Re1 Rxe1 39. Qxe1 Qa4 40. bxc5 dxc5 41.
Bxb7 Qb3 42. Qe5+ Kg6 43. Be4 fxe4 44. Qxe4+ Kg7 45. Qe2 Qb1 46. Qxg4+ Kf8 47.
Qf3 Qc2 48. Ke2 Qb1 49. f5 Qb8 50. Bh6+ Ke7 51. f6+ Kd7 52. Bf4 Qb2+ 53. Kf1
Qb1+ 54. Kg2 1-0

[Event "AUTO-ADV-729"]
[Site "http://www.queenalice.com/game.php?id=409101"]
[Date "2008.5.27"]
[Round "2"]
[White "Lucioamorim"]
[Black "soares54"]
[Result "1-0"]
[WhiteElo "1981"]
[BlackElo "2043"]

1. e4 c5 2. Nf3 d6 3. d4 cxd4 4. Nxd4 Nf6 5. Nc3 a6 6. Bg5 e6 7. f4 Be7 8. Qf3
Nc6 9. O-O-O h6 10. Bxf6 gxf6 11. Bc4 Qc7 12. Bb3 Bd7 13. f5 Na5 14. fxe6 Nxb3+
15. cxb3 Bxe6 16. Kb1 O-O-O 17. Nd5 Bxd5 18. exd5 Qd7 19. Rc1+ Kb8 20. Rhe1 Rc8
21. Qe3 Rxc1+ 22. Rxc1 f5 23. Qd3 Bg5 24. Rc4 Re8 25. a4 Re5 26. Nf3 Re3 27. Qc2
Bf6 28. Ka2 Qe8 29. Qxf5 Bh8 30. Qf4 Re2 31. Qxd6+ Ka8 32. Nd4 Rxg2 33. Rb4 Be5
34. Qb6 Qc8 35. Rc4 Qb8 36. h4 f6 37. d6 Bxd6 38. Nc6 Bc7 39. Qc5 Bd6 40. Qb6
Bc7 41. Qc5 Bd6 42. Qd5 1-0

[Event "AUTO-MASTER-688"]
[Site "http://www.queenalice.com/game.php?id=507956"]
[Date "2008.12.15"]
[Round "1"]
[White "soares54"]
[Black "Rutty"]
[Result "1-0"]
[WhiteElo "2030"]
[BlackElo "1951"]

1. d4 d5 2. c4 dxc4 3. Nf3 Nf6 4. Nc3 e6 5. Ne5 Bd6 6. Nxc4 h6 7. Nxd6+ cxd6 8.
e4 O-O 9. Be2 b6 10. f4 Bb7 11. Bf3 Nbd7 12. O-O e5 13. fxe5 dxe5 14. d5 Nc5 15.
b4 Ba6 16. bxc5 Bxf1 17. Qxf1 bxc5 18. Be3 Qa5 19. Qc4 Rfc8 20. Nb5 Qb6 21. Nc3
Qb4 22. Qd3 c4 23. Qc2 a6 24. Rb1 Qd6 25. Rb6 Qd7 26. Qb2 Qa7 27. Qf2 Qd7 28.
Qg3 Kh7 29. Qxe5 Re8 30. Qf4 Ng8 31. Bd4 Ne7 32. Qxf7 Rg8 33. Re6 1-0

[Event "AUTO-MASTER-688"]
[Site "http://www.queenalice.com/game.php?id=507957"]
[Date "2008.12.15"]
[Round "1"]
[White "Rutty"]
[Black "soares54"]
[Result "1/2-1/2"]
[WhiteElo "1977"]
[BlackElo "2033"]

1. e4 c6 2. d4 d5 3. e5 Bf5 4. Nf3 e6 5. Bd3 Bxd3 6. Qxd3 Nd7 7. O-O c5 8. c3
Ne7 9. Be3 Nf5 10. Nbd2 Be7 11. b3 O-O 12. c4 cxd4 13. Bxd4 Nxd4 14. Qxd4 Bc5
15. Qd3 Nb6 16. cxd5 Qxd5 17. Qe4 Qxe4 18. Nxe4 Ba3 19. Rad1 Nd5 20. Nfd2 b5 21.
Nb1 Be7 22. Nbc3 Nxc3 23. Nxc3 a6 24. Rd7 Bb4 25. Ne4 Rfd8 26. Rfd1 Ba5 27. Kf1
Rxd7 28. Rxd7 Bd8 29. Nd6 f6 30. exf6 Bxf6 31. Ke2 Rd8 32. Rxd8+ Bxd8 33. Ke3
Kf8 34. Ne4 Ke7 35. f3 Bb6+ 36. Kd3 Kd7 37. g4 e5 38. Nc3 Ke6 39. Ke4 Bd8
1/2-1/2

[Event "AUTO-MASTER-688"]
[Site "http://www.queenalice.com/game.php?id=507958"]
[Date "2008.12.15"]
[Round "1"]
[White "soares54"]
[Black "SirKnight"]
[Result "0-1"]
[WhiteElo "2030"]
[BlackElo "2041"]

1. d4 Nf6 2. c4 e6 3. Nc3 Bb4 4. Qc2 O-O 5. a3 Bxc3+ 6. Qxc3 Ne4 7. Qc2 d5 8.
Nf3 b6 9. Nd2 Bb7 10. Nxe4 dxe4 11. Bf4 Qxd4 12. Rd1 Qc5 13. b4 Qe7 14. e3 e5
15. Bg3 Nd7 16. Be2 f5 17. f3 exf3 18. Bxf3 Bxf3 19. gxf3 f4 20. Bf2 fxe3 21.
Bg3 Rxf3 22. Rf1 e4 23. Qg2 Raf8 24. Ke2 Qe6 0-1

[Event "AUTO-MASTER-688"]
[Site "http://www.queenalice.com/game.php?id=507959"]
[Date "2008.12.15"]
[Round "1"]
[White "SirKnight"]
[Black "soares54"]
[Result "1/2-1/2"]
[WhiteElo "2057"]
[BlackElo "2049"]

1. e4 c6 2. d4 d5 3. Nc3 dxe4 4. Nxe4 Bf5 5. Ng3 Bg6 6. h4 h6 7. Nf3 Nd7 8. h5
Bh7 9. Bd3 Bxd3 10. Qxd3 e6 11. Bf4 Ngf6 12. O-O-O Qa5 13. Kb1 Nd5 14. Bd2 Qc7
15. Rhe1 O-O-O 16. Ne2 Nb4 17. Qb3 Qb6 18. a3 Nd5 19. Qxb6 N7xb6 20. Ne5 Rd7 21.
Nxd7 Kxd7 22. c4 Nxc4 23. Bc1 Bd6 24. Ka2 Nf6 25. b3 Nb6 26. Rh1 Nbd5 27. f3 Rc8
28. g4 c5 29. dxc5 Rxc5 30. Rd2 Ke7 31. b4 Rc4 32. Kb3 Rc8 33. Rc2 Rd8 34. Re1
Kf8 35. Bd2 a6 1/2-1/2

[Event "AUTO-MASTER-688"]
[Site "http://www.queenalice.com/game.php?id=507960"]
[Date "2008.12.15"]
[Round "1"]
[White "soares54"]
[Black "Hakkinen"]
[Result "1/2-1/2"]
[WhiteElo "2045"]
[BlackElo "1958"]

1. d4 Nf6 2. c4 e6 3. Nc3 Bb4 4. Qc2 d5 5. cxd5 Nxd5 6. e4 Nb6 7. a3 Be7 8. Be3
Bd7 9. Nf3 Nc6 10. Bd3 a6 11. O-O h6 12. Rad1 O-O 13. Rfe1 Re8 14. h3 Qc8 15. e5
f6 16. exf6 Bxf6 17. Bg6 Rf8 18. Ne4 Qd8 19. Nc5 Qc8 20. Nxd7 Qxd7 21. Be4 Nd5
22. Bc1 Rf7 23. Bg6 Rff8 24. Qe2 Nde7 25. Bb1 Rae8 26. Qxe6+ Qxe6 27. Rxe6 Kf7
28. Ba2 Kg6 29. Bb1+ Kf7 30. Ba2 Kg6 31. Bf4 Kh7 32. Bb1+ 1/2-1/2

[Event "AUTO-MASTER-688"]
[Site "http://www.queenalice.com/game.php?id=507961"]
[Date "2008.12.15"]
[Round "1"]
[White "Hakkinen"]
[Black "soares54"]
[Result "1/2-1/2"]
[WhiteElo "1954"]
[BlackElo "2049"]

1. d4 Nf6 2. c4 g6 3. Nc3 Bg7 4. Nf3 d6 5. Bg5 h6 6. Bh4 Nbd7 7. e4 c6 8. Be2
Qb6 9. Qc2 g5 10. Bg3 Nh5 11. a3 Nxg3 12. fxg3 e5 13. d5 c5 14. O-O Nf6 15. Rf2
Ng4 16. Bd3 Nxf2 17. Kxf2 Bd7 18. h4 g4 19. Nh2 h5 20. Nf1 Qd8 21. Ne3 Rh6 22.
Rf1 Rf6+ 23. Kg1 Rxf1+ 24. Kxf1 Qf6+ 25. Kg1 Bh6 26. Nf5 a6 27. Qb3 O-O-O 28.
Qb6 Bf8 29. Bc2 Kb8 30. Na2 Rc8 31. b4 Qd8 32. bxc5 Qxb6 33. cxb6 Rxc4 1/2-1/2

[Event "AUTO-MASTER-702"]
[Site "http://www.queenalice.com/game.php?id=515373"]
[Date "2008.12.31"]
[Round "1"]
[White "MAGALINGsaROMANSAngChicks"]
[Black "soares54"]
[Result "0-1"]
[WhiteElo "2086"]
[BlackElo "2031"]

1. e4 c6 2. d4 d5 3. Nc3 dxe4 4. Nxe4 Bf5 5. Ng3 Bg6 6. Nf3 Nd7 7. Be2 h6 8. a4
e6 9. O-O Ngf6 10. Nh4 Bh7 11. f4 Nd5 12. Nf3 Bd6 13. Ne5 O-O 14. c4 N5f6 15.
Bd2 Ne4 16. Nxe4 Bxe4 17. Bg4 Nf6 18. Be3 Bf5 19. Bxf5 exf5 20. c5 Bc7 21. b4
Nd5 22. Bd2 Nf6 23. Bc3 Ne4 24. Bb2 Kh7 25. Qb3 Nd2 26. Qa2 Nxf1 27. Rxf1 f6 28.
Nd3 Re8 29. Ne5 fxe5 30. fxe5 Qg5 31. Qb1 Rf8 32. Bc1 Qg6 33. Bf4 Qe6 34. b5 b6
35. Qd3 Rad8 36. Qc3 Rd5 37. cxb6 Bxb6 38. Rd1 cxb5 39. axb5 Rxb5 40. Qd3 Rd5
41. Qc4 Rxd4 42. Rxd4 Qxc4 0-1

[Event "AUTO-MASTER-702"]
[Site "http://www.queenalice.com/game.php?id=515374"]
[Date "2008.12.31"]
[Round "1"]
[White "soares54"]
[Black "MAGALINGsaROMANSAngChicks"]
[Result "1-0"]
[WhiteElo "2014"]
[BlackElo "2091"]

1. c4 e6 2. Nc3 Nf6 3. d3 Nc6 4. g3 d5 5. Bg5 dxc4 6. dxc4 Be7 7. Bg2 Bd7 8. Nf3
h6 9. Bd2 a6 10. O-O Na7 11. Ne5 Nc6 12. Nxc6 Bxc6 13. Bxc6+ bxc6 14. Qc2 O-O
15. Rfd1 Qb8 16. Na4 Qb7 17. e4 Rab8 18. b3 Rbd8 19. h3 c5 20. f3 Rd7 21. Be3
Rfd8 22. Nxc5 Rxd1+ 23. Rxd1 Rxd1+ 24. Qxd1 Qc6 25. Na4 Nh5 26. Kf2 Bd6 27. g4
Nf4 28. Qf1 Ng6 29. Nb2 Ba3 30. Nd3 Bd6 31. c5 Be7 32. Nb4 Qb5 33. Qxb5 axb5 34.
a4 bxa4 35. bxa4 Bf8 36. Nc6 Ne7 37. Nxe7+ Bxe7 38. a5 Bh4+ 39. Ke2 Bg3 40. a6
1-0

[Event "AUTO-MASTER-702"]
[Site "http://www.queenalice.com/game.php?id=515387"]
[Date "2008.12.31"]
[Round "1"]
[White "puddschini"]
[Black "soares54"]
[Result "1-0"]
[WhiteElo "2272"]
[BlackElo "2043"]

1. e4 c6 2. c4 d5 3. exd5 cxd5 4. cxd5 Qxd5 5. Nc3 Qa5 6. d4 Nf6 7. Nf3 Bf5 8.
Bb5+ Bd7 9. Bc4 e6 10. O-O Be7 11. d5 O-O 12. dxe6 Bxe6 13. Bxe6 fxe6 14. Re1
Bb4 15. Qb3 Nc6 16. Rxe6 Kh8 17. Ne4 Nxe4 18. Rxe4 Rae8 19. Rxe8 Rxe8 20. Be3 b6
21. Ng5 h6 22. Nf7+ Kh7 23. Qc2+ 1-0

[Event "AUTO-MASTER-702"]
[Site "http://www.queenalice.com/game.php?id=515388"]
[Date "2008.12.31"]
[Round "1"]
[White "soares54"]
[Black "puddschini"]
[Result "0-1"]
[WhiteElo "2036"]
[BlackElo "2277"]

1. c4 f5 2. Nc3 Nf6 3. Nf3 e6 4. d3 d5 5. Bg5 c6 6. cxd5 cxd5 7. g3 Nc6 8. Bg2
Be7 9. a3 O-O 10. Rc1 Bd7 11. O-O Rc8 12. Bf4 Be8 13. h3 d4 14. Nb1 Nd5 15. Ne5
Nxf4 16. gxf4 Nxe5 17. Rxc8 Qxc8 18. fxe5 Qb8 19. f4 g5 20. Qb3 Bd7 21. Qxb7
Qxb7 22. Bxb7 Rb8 23. Ba6 Rxb2 24. fxg5 Bxg5 25. Bc4 Be3+ 0-1

[Event "AUTO-MASTER-688"]
[Site "http://www.queenalice.com/game.php?id=572819"]
[Date "2009.4.16"]
[Round "2"]
[White "CSI"]
[Black "soares54"]
[Result "1-0"]
[WhiteElo "2108"]
[BlackElo "2035"]

1. e4 c6 2. d4 d5 3. e5 Bf5 4. h4 h6 5. g4 Bg6 6. h5 Bh7 7. e6 fxe6 8. Bd3 Bxd3
9. Qxd3 Kd7 10. Nf3 Qe8 11. Ne5+ Kd8 12. Ng6 Rh7 13. Nxf8 Qxf8 14. Qxh7 Nf6 15.
Qg6 Nbd7 16. Bf4 1-0

[Event "AUTO-MASTER-688"]
[Site "http://www.queenalice.com/game.php?id=572820"]
[Date "2009.4.16"]
[Round "2"]
[White "soares54"]
[Black "CSI"]
[Result "0-1"]
[WhiteElo "2054"]
[BlackElo "2064"]

1. d4 Nf6 2. c4 g6 3. Nc3 Bg7 4. e4 d6 5. Nf3 O-O 6. Be2 e5 7. O-O Nc6 8. Be3
Ng4 9. Bg5 f6 10. Bc1 f5 11. Bg5 Qe8 0-1

[Event "AUTO-MASTER-688"]
[Site "http://www.queenalice.com/game.php?id=572827"]
[Date "2009.4.16"]
[Round "2"]
[White "soares54"]
[Black "SirKnight"]
[Result "1/2-1/2"]
[WhiteElo "2038"]
[BlackElo "1992"]

1. d4 Nf6 2. c4 e6 3. Nc3 Bb4 4. Qc2 O-O 5. a3 Bxc3+ 6. Qxc3 b6 7. Bg5 d6 8. Qf3
d5 9. Bxf6 Qxf6 10. Qxf6 gxf6 11. cxd5 Bb7 12. dxe6 fxe6 13. f3 Nc6 14. e3 Ne7
15. Bc4 Kf7 16. Ne2 Nd5 17. e4 Ne3 18. Bb3 Nxg2+ 19. Kf2 Nh4 20. Nf4 Rae8 21.
Rac1 c6 22. Rhg1 Ng6 23. Ne2 Re7 24. Ke3 Rc8 25. f4 Ke8 26. Kf2 Rcc7 27. Rc3 Ba6
28. Bc4 1/2-1/2

[Event "AUTO-MASTER-688"]
[Site "http://www.queenalice.com/game.php?id=572828"]
[Date "2009.4.16"]
[Round "2"]
[White "SirKnight"]
[Black "soares54"]
[Result "1/2-1/2"]
[WhiteElo "2021"]
[BlackElo "2036"]

1. e4 c6 2. d4 d5 3. Nc3 dxe4 4. Nxe4 Bf5 5. Ng3 Bg6 6. h4 h6 7. Nf3 Nd7 8. h5
Bh7 9. Bd3 Bxd3 10. Qxd3 e6 11. Bf4 Ngf6 12. O-O-O Nd5 13. Bd2 Qc7 14. Ne4 O-O-O
15. g3 N7f6 16. Nxf6 gxf6 17. a3 b5 18. c4 bxc4 19. Qxc4 Kb7 20. Bc3 Ka8 21. Rd2
Qb6 1/2-1/2